| 000 | 00699nam a2200193Ii 4500 | ||
|---|---|---|---|
| 003 | JO-AjNU | ||
| 008 | 230605s9999||||xx |||||||||||||| ||und|| | ||
| 040 |
_aJO-AjNU _bara _erda _cJO-AjNU |
||
| 041 | _aara | ||
| 050 | 1 | 4 | _aHG4026.H33 2011 |
| 100 | 3 |
_aالحناوي، محمد صالح, _eauthor _932757 |
|
| 245 | 0 | 0 | _aالادارة المالية والتمويل |
| 264 | 3 | 1 | _aالاسكندرية: الدار الجامعية، 2011 |
| 300 |
_a315ص _bيحتوي على ملاحق و ببلوغرافية من ص 303- 315ص |
||
| 336 |
_atext _btxt _2rdacontent |
||
| 337 |
_aunmediated _bn _2rdamedia |
||
| 338 |
_avolume _bnc _2rdacarrier |
||
| 650 | 4 |
_aالادارة المالية _932758 |
|
| 999 |
_aA13261 _c16829 _d16829 |
||